Katalytická konverzia lignínov za účelom získania biopalív

Salvato in:
Dettagli Bibliografici
Autore principale: Mihál, Dušan, 1991- (Autore)
Altri autori: Ház, Aleš, 1985- (Relatore della tesi)
Natura: Manoscritto Libro
Lingua:slovacco
Pubblicazione: 2015
Soggetti:
Accesso online:http://is.stuba.sk/zp/portal_zp.pl?podrobnosti=113195
Tags: Aggiungi Tag
Nessun Tag, puoi essere il primo ad aggiungerne!!

MARC

LEADER 00000ntm a22000003a 4500
001 stuzp51862
003 SK-STU
005 20160719154004.6
007 ta
008 150427s2015----xo-----f-mn---000-0-slo-d
040 |a STU  |b slo 
041 0 |a slo 
100 1 |a Mihál, Dušan,  |d 1991-  |u 049380  |4 aut  |U FCHPT Ústav prírodných a syntetických polymérov  |T FCHPT Oddelenie dreva, celulózy a papiera  |X 43549  |U C9380  |Y 129  |7 A0000043549 
242 0 1 |a Catalytic conversion of lignins to biofuels  |y eng 
245 1 0 |a Katalytická konverzia lignínov za účelom získania biopalív 
260 |c 2015 
650 4 |a lignín  |2 slo 
650 4 |a čierny výluh  |2 slo 
650 4 |a katalýza  |2 slo 
650 4 |a konverzia  |2 slo 
650 4 |a biopalivo  |2 slo 
650 4 |a lignin  |2 eng 
650 4 |a black liquor  |2 eng 
650 4 |a catalysis  |2 eng 
650 4 |a conversion  |2 eng 
650 4 |a biofuel  |2 eng 
700 1 |a Ház, Aleš,  |d 1985-  |4 ths  |X 22008  |7 A000022008 
856 4 |u http://is.stuba.sk/zp/portal_zp.pl?podrobnosti=113195 
SQL |a stuzp51862  |b DDP  |c SLO  |d Katalytická konverzia lignínov za účelom získania biopalív  |e 43549  |f Mihál, Dušan  |g 049380  |h 22008  |i Ház, Aleš  |j 20150609  |k 542  |l 04  |m http://is.stuba.sk/zp/portal_zp.pl?podrobnosti=113195  |n I-PSP  |o 5.2.18. chemické technológie